000
00303nam a22001337a 4500
008
170830b xxu||||| |||| 00| 0 eng d
020
_a
9780735598515
041
_a
eng
080
_2
3RD
_a
070
100
_a
40
101
_a
MED
245
_a
LEGAL WRITING AND ANALYSIS
_c
EDWARDS,L.H
942
_2
udc
_c
BK
999
_c
25641
_d
25641